|
|
|
|
| LEADER |
01331nam a2200313 a 4500 |
| 001 |
15915763 |
| 008 |
110111s2010 nyua b 001 0 eng d |
| 010 |
|
|
|a 2009039009
|
| 020 |
|
|
|a 9780071267816
|
| 020 |
|
|
|a 9780073404769 (alk. paper)
|
| 020 |
|
|
|a 0073404764 (alk. paper)
|
| 035 |
|
|
|a (OCoLC)ocn320803664
|
| 040 |
|
|
|a DLC
|c DLC
|d YDX
|d CDX
|d DLC
|d BD-DhAAL
|
| 082 |
0 |
0 |
|a 658.8/342
|2 22
|
| 100 |
1 |
|
|a Peter, J. Paul.
|
| 245 |
1 |
0 |
|a Consumer behavior & marketing strategy /
|c J. Paul Peter, Jerry C. Olson.
|
| 246 |
3 |
|
|a Consumer behavior and marketing strategy
|
| 250 |
|
|
|a 9th ed.
|
| 260 |
|
|
|a New York :
|b McGraw-Hill Irwin,
|c c2010.
|
| 300 |
|
|
|a xix, 554 p. :
|b ill. ;
|c 27 cm.
|
| 504 |
|
|
|a Includes bibliographical references and index.
|
| 541 |
1 |
|
|e 00021690
|
| 650 |
|
0 |
|a Consumer behavior.
|
| 650 |
|
0 |
|a Marketing.
|
| 700 |
1 |
|
|a Olson, Jerry C.
|q (Jerry Corrie),
|d 1944-
|
| 852 |
|
|
|a Ayesha Abed library
|c General Shelf.
|
| 999 |
|
|
|c 10333
|d 10333
|
| 952 |
|
|
|0 0
|1 4
|2 ddc
|4 0
|6 658_834200000000000_PET
|7 0
|9 13927
|a BRACUL
|b BRACUL
|c GEN
|d 2011-01-16
|e TRIM EDUCATION
|l 0
|o 658.8342 PET
|p 3010021690
|r 2011-01-16
|t 1
|w 2011-01-16
|y BK
|x Koha Inventory 2020
|
| 952 |
|
|
|0 0
|1 0
|2 ddc
|4 0
|6 658_834200000000000_PET
|7 0
|9 13928
|a BRACUL
|b BRACUL
|c GEN
|d 2011-01-16
|e TRIM EDUCATION
|l 9
|m 27
|o 658.8342 PET
|p 3010021689
|r 2023-12-31
|s 2023-09-26
|t 2
|w 2011-01-16
|y BK
|